LEADER 01297nam a2200289 i 4500 001 000000165283 003 CaOOAMICUS 005 20071012000000.0 008 071012s2008 it u000 u ita u 013 $a142651 020 $a978-88-8025-597-0 040 $aSeMil$bita 100 1 $aWright, Sally Ann.$0(OLS)http://semarc/name/62392 240 12$aA Child's Book of Prayers.$0(OLS)http://semarc/title/235934 245 13$aIl mio libro di preghiere /$cScritto da Sally Ann Wright ; Illustrato da Honor Ayres ; [Traduzione : Annarosa Anzivino ]. 260 $aMilano :$bITL,$c[Copyr. 2008] 300 $a93 p. :$briccamente ill. ;$c25x22 cm. 650 4$aPreghiere - Testi.$0(OLS)http://semarc/subject/6541 650 4$aPreghiere - Ragazzi - Testi.$0(OLS)http://semarc/subject/31376 700 1 $aAnzivino, Annarosa.$0(OLS)http://semarc/name/62394 700 1 $aAyres, Honor.$0(OLS)http://semarc/name/62393 850 $aSeMil 852 $aSeMil$W1$xVenegono$y1$m3K IV 128$j116477$B116477$CSeMilBibl$Z2$F129128 $81 961 $aOmaggio: ITL 996 $6020$a978-88-8025-597-0$9(OLS)http://semarc/number/151639 996 $6245$aIl mio libro di preghiere$9(OLS)http://semarc/title/235933 996 $6260$aMilano :$bITL$9(OLS)http://semarc/publisher/30648 LEADER 00931nam a2200205 i 4500 001 000000251042 003 CaOOAMICUS 005 20160831000000.0 008 160831s1768 xx u000 u fre u 013 $a229947 026 $a78i- b-e- sie, sumo (3) 1768 (R) 040 $aSeMil$bita 245 10$aTome 2. 300 $aIV, 635 p. 500 $aSegn. : pg2 A-2R8 (2R6v, 2R7,8 bianche). - Vignetta xilogr. (Cervo che esce da un bosco per avvicinarsi ad una fonte) sul front. 773 0 $tInstitutions politiques, par monsieur le baron de Bielfeld. Tome 1. [-3.].$bNouvelle édition, revue, corrigée & augmentée.$dA Leyde, & se vend à Leipsick, en foire : Chez J. F. Bassompierre, Fils, libraire a Liège, 1768-1774.$g2$w()33355 850 $aSeMil 852 $aSeMil$W1$xVenegono$y1$m3M I 2 FA$j201388$B201388$CSeMilBibl$Z2$F213159 $8I 961 $aRecupero: Mantegazza 996 $6245$aTome 2$9(OLS)http://semarc/title/1533